[Event "1. OEsterreichische Internet Schach Meisterschaft - Vorrunde 2"]
[Site "Online - Playchess.com"]
[Date ""]
[Round "9"]
[Board "35"]
[White "Polterauer, Chiara"]
[Black "Wischounig, Laurin"]
[Result "0-1"]
[WhiteElo "2178"]
[BlackElo "1878"]
[PlyCount "124"]
[EventDate "2020.04.13"]
[EventRounds "9"]
[EventCountry "AUT"]

1. e4 c6 2. c4 d5 3. cxd5 cxd5 4. exd5 Nf6 5. Qa4+ Nbd7 6. Nc3 a6 7. Bc4 g6 8. d3
Bg7 9. Nf3 O-O 10. Qa3 Nb6 11. Qb3 Nfd7 12. Be3 Qc7 13. O-O Nc5 14. Bxc5 Qxc5 15.
Ne4 Qc7 16. Rac1 Qd8 17. Nc5 Bg4 18. Nd2 Bh6 19. Rc2 Rb8 20. Nde4 Nd7 21. Nxd7 Qxd7
22. h3 b5 23. hxg4 bxc4 24. Qxc4 Rfc8 25. Nc5 Qd6 26. b4 Rb5 27. a4 Rbb8 28. Re2
a5 29. Qa6 axb4 30. Qxd6 exd6 31. Nd7 Rb7 32. Nf6+ Kg7 33. Ne4 Bf4 34. g3 Be5 35.
f4 Bd4+ 36. Kg2 Rb6 37. Rb1 Ra8 38. Rc2 Rxa4 39. Rc4 Bc3 40. Nxc3 bxc3 41. Rxb6 Rxc4
42. Rb1 Rd4 43. Rc1 Rxd3 44. Kf2 Kf6 45. Rc2 Ke7 46. g5 Kd7 47. g4 Kc7 48. Ke2 Rg3
49. Kf2 Rd3 50. Ke2 Rh3 51. Kf1 Kb6 52. Kg2 Rd3 53. Kf2 Kc5 54. Ke2 Rh3 55. Rc1 Kxd5
56. Rd1+ Kc5 57. Ra1 Kb4 58. Rb1+ Kc4 59. Ra1 Rh2+ 60. Ke3 c2 61. Rc1 Kb3 62. Kd3
Kb2  0-1

[Event "1. OEsterreichische Internet Schach Meisterschaft - Vorrunde 2"]
[Site "Online - Playchess.com"]
[Date ""]
[Round "9"]
[Board "36"]
[White "Guetz, Wolfgang"]
[Black "Mittelberger, Peter"]
[Result "0-1"]
[WhiteElo "2078"]
[BlackElo "2176"]
[PlyCount "144"]
[EventDate "2020.04.13"]
[EventRounds "9"]
[EventCountry "AUT"]

1. e4 d6 2. d4 g6 3. Bd3 Bg7 4. Nf3 a6 5. O-O b5 6. h3 Bb7 7. Re1 Nd7 8. Nbd2 c5
9. c3 cxd4 10. cxd4 e6 11. Nf1 Ne7 12. Ng3 h6 13. Be3 O-O 14. Qd2 Kh7 15. Nh2 Rc8
16. Rac1 Rxc1 17. Rxc1 Qa8 18. h4 Rc8 19. h5 Rxc1+ 20. Qxc1 Qc8 21. hxg6+ fxg6 22.
Qd2 e5 23. d5 Nc5 24. Bc2 Qc7 25. f3 Bc8 26. Qc3 a5 27. Bxc5 dxc5 28. Bd3 c4 29.
Be2 Ba6 30. Ng4 h5 31. Ne3 Bh6 32. Kf2 Qc5 33. Ngf1 Bg7 34. Qxa5 Bc8 35. Qc3 Bd7
36. b3 Qa3 37. Qc2 cxb3 38. Qxb3 Qxb3 39. axb3 Nc8 40. Nc2 Bf8 41. Nfe3 Bc5 42. Ke1
Nd6 43. Kd2 Kg7 44. Nd1 Kf6 45. Nb2 h4 46. Nd3 Bb6 47. Bf1 g5 48. Ne3 Ba5+ 49. Kc2
Bb6 50. Nd1 g4 51. f4 Nxe4 52. fxe5+ Kf5 53. e6 Be8 54. Nb4 Ng3 55. Bd3+ Ke5 56.
Nc6+ Bxc6 57. dxc6 Kxe6 58. Bxb5 h3 59. gxh3 gxh3 60. c7 Bxc7 61. Bc6 h2 62. Nf2
Kf5 63. Kd3 Kf4 64. Bg2 Nf5 65. b4 Kg3 66. Be4 Kxf2 67. b5 Ng3 68. Bc6 Ne2 69. Kc4
Nf4 70. Kc5 Ng2 71. b6 Bxb6+ 72. Kxb6 h1=Q  0-1

[Event "1. OEsterreichische Internet Schach Meisterschaft - Vorrunde 2"]
[Site "Online - Playchess.com"]
[Date ""]
[Round "9"]
[Board "37"]
[White "Novkovic, Julia"]
[Black "Birklbauer, Toni"]
[Result "1-0"]
[WhiteElo "2170"]
[BlackElo "2047"]
[PlyCount "127"]
[EventDate "2020.04.13"]
[EventRounds "9"]
[EventCountry "AUT"]

1. e4 c5 2. Nc3 Nc6 3. Nf3 a6 4. g3 g6 5. Bg2 Bg7 6. O-O d6 7. d3 Rb8 8. Be3 e6 9.
d4 cxd4 10. Nxd4 Nf6 11. h3 O-O 12. Qd2 Ne5 13. b3 Qa5 14. a3 d5 15. Nxd5 Qxd2 16.
Nxf6+ Bxf6 17. Bxd2 Nc4 18. Bc3 Nd6 19. Rad1 e5 20. Ne2 Nb5 21. Bb2 Bg7 22. c4 Nc7
23. Nc3 Ne6 24. Nd5 Nd4 25. b4 Be6 26. c5 f5 27. f4 fxe4 28. Bxe4 Bxh3 29. Rf2 Bg4
30. Re1 exf4 31. Nxf4 Rbe8 32. Bd5+ Kh8 33. Rxe8 Rxe8 34. Kg2 Re1 35. Bxb7 Nf5 36.
Bxg7+ Kxg7 37. Rd2 Ne3+ 38. Kf2 Nc4 39. Kxe1 Nxd2 40. Kxd2 Bd7 41. Ke3 Bb5 42. Kd4
g5 43. Ne6+ Kf6 44. Nc7 h5 45. Nxb5 h4 46. gxh4 gxh4 47. c6 axb5 48. c7 h3 49. c8=Q
h2 50. Qf8+ Kg5 51. Qg7+ Kf4 52. Qg2 Kf5 53. Qxh2 Kf6 54. Qf4+ Kg6 55. Be4+ Kg7 56.
Qg5+ Kf7 57. Qg6+ Ke7 58. Bf5 Kd8 59. Qe6 Kc7 60. Qd7+ Kb6 61. Qd6+ Kb7 62. Kc5 Ka7
63. Qc7+ Ka6 64. Bc8#  1-0

[Event "1. OEsterreichische Internet Schach Meisterschaft - Vorrunde 2"]
[Site "Online - Playchess.com"]
[Date ""]
[Round "9"]
[Board "38"]
[White "Wagner, Leopold Franziskus"]
[Black "Hochwarter, Martin"]
[Result "1-0"]
[WhiteElo "2168"]
[BlackElo "1932"]
[PlyCount "91"]
[EventDate "2020.04.13"]
[EventRounds "9"]
[EventCountry "AUT"]

1. e4 c5 2. Nf3 Nc6 3. d4 cxd4 4. Nxd4 g6 5. c4 Bg7 6. Be3 Nh6 7. Nc3 O-O 8. f3 Qb6
9. Bxh6 Bxh6 10. Nxc6 bxc6 11. Qc2 Rb8 12. b3 Bg7 13. Rd1 Qe3+ 14. Ne2 Ba6 15. Rd3
Qc5 16. Rxd7 Rfd8 17. Rd2 Qb4 18. g3 Rd7 19. Bh3 e6 20. a3 Rxd2 21. Qxd2 Qxb3 22.
Kf2 Qxc4 23. Rc1 Qb5 24. Bf1 Qb6+ 25. Kg2 Rd8 26. Qc2 Bb5 27. a4 Bxe2 28. Bxe2 Rd6
29. Rb1 Qc7 30. Qc5 Bd4 31. Qc4 c5 32. Qc2 Rb6 33. Rd1 Rb2 34. Qc4 Qa5 35. h4 Rb4
36. Qd3 Qxa4 37. h5 Rb2 38. h6 Qa2 39. Kf1 a5 40. Qa6 Rb8 41. f4 Qa3 42. Qd6 Rf8
43. Rxd4 Qxg3 44. Rd3 Qxf4+ 45. Qxf4 c4 46. Qf6  1-0

[Event "1. OEsterreichische Internet Schach Meisterschaft - Vorrunde 2"]
[Site "Online - Playchess.com"]
[Date ""]
[Round "9"]
[Board "39"]
[White "Auinger, Marcel"]
[Black "Iro, Christian"]
[Result "0-1"]
[WhiteElo "1808"]
[BlackElo "2081"]
[PlyCount "132"]
[EventDate "2020.04.13"]
[EventRounds "9"]
[EventCountry "AUT"]

1. e4 c6 2. d4 d5 3. exd5 cxd5 4. Bd3 Nf6 5. Be3 Nc6 6. h3 e6 7. Nf3 Be7 8. Nc3 b6
9. Ne2 Bb7 10. c3 Rc8 11. Bf4 Bd6 12. Qd2 Bxf4 13. Nxf4 Na5 14. b3 Qc7 15. Rc1 Nc6
16. O-O O-O 17. Rfe1 g6 18. Ne5 Nxe5 19. Rxe5 Qd6 20. Ne2 Rc7 21. Qf4 Qe7 22. Re3
Rfc8 23. Bb1 b5 24. Rf3 Nh5 25. Qd2 a5 26. Bd3 b4 27. Bb5 Ng7 28. cxb4 axb4 29. Re3
Nf5 30. Rd3 Nd6 31. Ba4 Ne4 32. Qe1 Ba6 33. Rxc7 Qxc7 34. Rd1 Bxe2 35. Qxe2 Nc3 36.
Qd2 Nxd1 37. Qxd1 Qc1 38. Qxc1 Rxc1+ 39. Kh2 Rc2 40. Kg3 Rxa2 41. Kf3 Rc2 42. Ke3
Rc3+ 43. Kd2 f6 44. Bd7 Kf7 45. Ba4 Ke7 46. g3 Kd6 47. h4 Rf3 48. Ke2 Rc3 49. Kd2
e5 50. dxe5+ fxe5 51. Ke2 Kc5 52. g4 Kd4 53. h5 gxh5 54. gxh5 h6 55. f3 Rc2+ 56.
Kd1 Rf2 57. Be8 Rxf3 58. Kc2 Rf2+ 59. Kc1 e4 60. Kd1 Kd3 61. Bb5+ Kc3 62. Ba4 d4
63. Ke1 Rh2 64. Bc6 e3 65. Be8 d3 66. Bf7 Rh1#  0-1

[Event "1. OEsterreichische Internet Schach Meisterschaft - Vorrunde 2"]
[Site "Online - Playchess.com"]
[Date ""]
[Round "9"]
[Board "40"]
[White "Rosol, Philip"]
[Black "Nisavic, Uros"]
[Result "1-0"]
[WhiteElo "1468"]
[BlackElo "2073"]
[PlyCount "113"]
[EventDate "2020.04.13"]
[EventRounds "9"]
[EventCountry "AUT"]

1. e4 e5 2. Nf3 Nc6 3. Bb5 Nf6 4. O-O Bc5 5. d3 d6 6. Bg5 O-O 7. Nc3 h6 8. Bh4 Be6
9. Ba4 Qe7 10. Bb3 Rad8 11. Nd5 Bxd5 12. Bxd5 Rfe8 13. c3 g5 14. Bg3 Bb6 15. a4 a6
16. Bb3 Nb8 17. Re1 Nbd7 18. Bc2 Nh5 19. Nd2 Nxg3 20. hxg3 Qf6 21. Qf3 Kg7 22. Nc4
Ba7 23. Ne3 Qxf3 24. gxf3 Kg6 25. Kg2 Rf8 26. Nd5 c6 27. Ne3 Nc5 28. b4 Ne6 29. Reb1
Ng7 30. b5 Bxe3 31. fxe3 axb5 32. axb5 Ra8 33. bxc6 bxc6 34. Kf2 Ne6 35. Ke2 Nc5
36. Rxa8 Rxa8 37. Rb6 Ra2 38. Kd2 Nb3+ 39. Rxb3 Ra1 40. Rb1 Ra2 41. Rb6 Ra1 42. Rxc6
Rg1 43. Rxd6+ f6 44. g4 Rg2+ 45. Kd1 Rf2 46. c4 Rxf3 47. Ke2 Rg3 48. c5 Rg2+ 49.
Kd1 Rxg4 50. c6 Rg1+ 51. Kd2 Rg2+ 52. Kc3 h5 53. c7 h4 54. c8=Q h3 55. Qxh3 Rf2 56.
Rd7 Rf4 57. Qh7#  1-0

[Event "1. OEsterreichische Internet Schach Meisterschaft - Vorrunde 2"]
[Site "Online - Playchess.com"]
[Date ""]
[Round "9"]
[Board "41"]
[White "Lerch, Johannes"]
[Black "Steirer, Gerhard"]
[Result "1/2-1/2"]
[WhiteElo "2005"]
[BlackElo "1854"]
[PlyCount "49"]
[EventDate "2020.04.13"]
[EventRounds "9"]
[EventCountry "AUT"]

1. e4 c5 2. Nc3 e6 3. Nge2 d6 4. g3 Nc6 5. Bg2 g6 6. d3 Bg7 7. Be3 Nge7 8. Qd2 f5
9. O-O O-O 10. f4 e5 11. Rae1 Nd4 12. Nd1 Rb8 13. c3 Nxe2+ 14. Qxe2 b6 15. h3 Bb7
16. exf5 Bxg2 17. Qxg2 Nxf5 18. fxe5 Nxe3 19. Rxf8+ Qxf8 20. Nxe3 Bxe5 21. g4 Qh6
22. Nd5 Rf8 23. Rf1 Rxf1+ 24. Qxf1 Qh4 25. Qg2  1/2-1/2

[Event "1. OEsterreichische Internet Schach Meisterschaft - Vorrunde 2"]
[Site "Online - Playchess.com"]
[Date ""]
[Round "9"]
[Board "42"]
[White "Katter, Katharina"]
[Black "Hadler, Johann"]
[Result "1-0"]
[WhiteElo "1930"]
[BlackElo "1996"]
[PlyCount "35"]
[EventDate "2020.04.13"]
[EventRounds "9"]
[EventCountry "AUT"]

1. d4 d5 2. Nf3 Nf6 3. c4 e6 4. e3 Be7 5. Nc3 O-O 6. Qc2 c6 7. b3 Nbd7 8. Be2 b6
9. O-O Bb7 10. Bb2 Rc8 11. e4 dxe4 12. Nxe4 c5 13. dxc5 Nxc5 14. Nxc5 Bxc5 15. Rad1
Qe7 16. Ng5 h6 17. Bxf6 Qxf6 18. Qh7#  1-0

[Event "1. OEsterreichische Internet Schach Meisterschaft - Vorrunde 2"]
[Site "Online - Playchess.com"]
[Date ""]
[Round "9"]
[Board "43"]
[White "Hechl, Gerald"]
[Black "Wimmer, Michael"]
[Result "1-0"]
[WhiteElo "2333"]
[BlackElo "1559"]
[PlyCount "49"]
[EventDate "2020.04.13"]
[EventRounds "9"]
[EventCountry "AUT"]

1. d4 d5 2. Nc3 e6 3. Bf4 a6 4. e3 Nf6 5. g4 Bd6 6. g5 Ne4 7. Nxe4 dxe4 8. Bg2 Bxf4
9. exf4 f5 10. Ne2 b6 11. Qd2 Bb7 12. Qb4 a5 13. Qc4 Ba6 14. Qxe6+ Qe7 15. Qxe7+
Kxe7 16. Nc3 c6 17. O-O-O Nd7 18. Rhe1 c5 19. Nd5+ Ke6 20. Nc7+ Ke7 21. Nxa8 Rxa8
22. f3 cxd4 23. fxe4 fxe4 24. Bxe4 Kd6 25. Bxa8  1-0

[Event "1. OEsterreichische Internet Schach Meisterschaft - Vorrunde 2"]
[Site "Online - Playchess.com"]
[Date ""]
[Round "9"]
[Board "44"]
[White "Schroll, Gerhard"]
[Black "Ressmann, Walter"]
[Result "1-0"]
[WhiteElo "2321"]
[BlackElo "1868"]
[PlyCount "77"]
[EventDate "2020.04.13"]
[EventRounds "9"]
[EventCountry "AUT"]

1. e4 e6 2. Nf3 d5 3. Nc3 dxe4 4. Nxe4 Be7 5. d4 Nf6 6. Nxf6+ Bxf6 7. c3 O-O 8. Bd3
Nd7 9. O-O c5 10. Be3 cxd4 11. Nxd4 Ne5 12. Be2 b6 13. f4 Ng6 14. Bf3 Bxd4 15. Qxd4
Ba6 16. Rfd1 Qxd4 17. Rxd4 Rad8 18. g3 Rxd4 19. Bxd4 Rd8 20. Kf2 Ne7 21. Rd1 Nf5
22. Be5 Rxd1 23. Bxd1 Bb7 24. Be2 f6 25. Bb8 a6 26. a4 Ne7 27. Bd6 Nc8 28. Ba3 Kf7
29. Ke3 Ne7 30. c4 Nc6 31. b4 Ke8 32. b5 Na5 33. c5 bxc5 34. bxa6 Bc6 35. Bxc5 Kd7
36. Bb6 Nb3 37. a7 Kc8 38. Ba6+ Kd7 39. Bb5  1-0

[Event "1. OEsterreichische Internet Schach Meisterschaft - Vorrunde 2"]
[Site "Online - Playchess.com"]
[Date ""]
[Round "9"]
[Board "45"]
[White "Ofner, Maximilian"]
[Black "Janes, Christian"]
[Result "1-0"]
[WhiteElo "2177"]
[BlackElo "1740"]
[PlyCount "104"]
[EventDate "2020.04.13"]
[EventRounds "9"]
[EventCountry "AUT"]

1. e4 e5 2. Nf3 Nc6 3. d4 exd4 4. Nxd4 Nxd4 5. Qxd4 d6 6. Bc4 Nf6 7. O-O Be7 8. Nc3
O-O 9. h3 c5 10. Qd3 a6 11. a4 b6 12. Nd5 Bb7 13. Bf4 Re8 14. f3 Nh5 15. Nxe7+ Rxe7
16. Bxd6 Rd7 17. e5 Qg5 18. g4 Nf4 19. Qf5 Nxh3+ 20. Kh2 Qxf5 21. gxf5 Nf4 22. Kg3
Nh5+ 23. Kg4 g6 24. f6 Re8 25. Rad1 Rxd6 26. exd6 Nxf6+ 27. Kg3 Nh5+ 28. Kf2 Rd8
29. Rfe1 Bc6 30. Re7 Kg7 31. Rxf7+ Kh6 32. Rc7 Ba8 33. d7 Nf6 34. Rc8 Rxd7 35. Rxd7
Nxd7 36. Rxa8 Ne5 37. Bd5 a5 38. Rb8 Nd7 39. Rb7 Nf6 40. Be4 Kg5 41. Rxb6 Nd7 42.
Rb7 Ne5 43. Rxh7 Nc4 44. Ra7 Nxb2 45. Rxa5 Nd1+ 46. Ke1 Nc3 47. Rxc5+ Kf4 48. Rxc3
g5 49. a5 g4 50. fxg4 Kxe4 51. a6 Kf4 52. a7 Kxg4  1-0

[Event "1. OEsterreichische Internet Schach Meisterschaft - Vorrunde 2"]
[Site "Online - Playchess.com"]
[Date ""]
[Round "9"]
[Board "46"]
[White "Heinrici, Simon"]
[Black "Schroettner, Tobias Julian"]
[Result "1-0"]
[WhiteElo "2151"]
[BlackElo "1503"]
[PlyCount "129"]
[EventDate "2020.04.13"]
[EventRounds "9"]
[EventCountry "AUT"]

1. e4 c6 2. d4 d5 3. Nc3 dxe4 4. Nxe4 Bf5 5. Ng3 Bg6 6. h4 h6 7. h5 Bh7 8. Nf3 Nd7
9. Bd3 Bxd3 10. Qxd3 Ngf6 11. Bf4 e6 12. O-O-O Qa5 13. Kb1 O-O-O 14. Ne4 Nxe4 15.
Qxe4 Nf6 16. Qe2 Qb6 17. Bc1 Nd5 18. Qd3 Bd6 19. c4 Nf4 20. Qc2 Qc7 21. c5 Be7 22.
Ne5 Bg5 23. g3 Nd5 24. f4 Bf6 25. Rhf1 Rhf8 26. Rf3 Nb4 27. Qa4 Na6 28. Bd2 Rd5 29.
Ba5 Qe7 30. Nxc6 bxc6 31. Qxc6+ Nc7 32. Rb3 Qd7 33. Qb7+ Kd8 34. Qb8+ Ke7 35. Qxc7
Qxc7 36. Bxc7 Rc8 37. Bd6+ Ke8 38. Rb7 Rd8 39. Rxa7 Rd7 40. Ra8+ Rd8 41. Ra4 Be7
42. Bxe7 Kxe7 43. Rc4 Kf6 44. b4 e5 45. fxe5+ Kf5 46. Kb2 Kg5 47. Kb3 Rxe5 48. b5
Re3+ 49. Kb4 Rxg3 50. b6 Ra8 51. a4 Rg2 52. Kb5 Rb2+ 53. Rb4 Ra2 54. c6 Rf8 55. b7
Re8 56. c7 f5 57. b8=Q Rxb8+ 58. cxb8=Q Kg4 59. Rg1+ Kxh5 60. Rb3 g5 61. Rh3+ Kg6
62. Qg8+ Kf6 63. Rxh6+ Ke7 64. Qg7+ Ke8 65. Rh8#  1-0

[Event "1. OEsterreichische Internet Schach Meisterschaft - Vorrunde 2"]
[Site "Online - Playchess.com"]
[Date ""]
[Round "9"]
[Board "47"]
[White "Milanollo, Mario"]
[Black "Strodl, Joachim"]
[Result "1/2-1/2"]
[WhiteElo "2053"]
[BlackElo "2137"]
[PlyCount "99"]
[EventDate "2020.04.13"]
[EventRounds "9"]
[EventCountry "AUT"]

1. e4 g6 2. Nf3 Bg7 3. d4 d6 4. Be3 a6 5. Qd2 h6 6. h3 b5 7. a3 Bb7 8. Bd3 Nd7 9.
O-O c5 10. d5 Ngf6 11. Nc3 Kf8 12. Nh2 Ne5 13. f4 Nxd3 14. cxd3 Rc8 15. Ne2 c4 16.
Nd4 Kg8 17. Rac1 Kh7 18. Ng4 Nxg4 19. hxg4 cxd3 20. Qxd3 Qd7 21. f5 g5 22. b3 Bxd4
23. Bxd4 f6 24. Be3 Kg7 25. Qd4 Ba8 26. Qb6 Qb7 27. Kf2 Qxb6 28. Bxb6 Kf7 29. Ke2
Bb7 30. Kd2 Rxc1 31. Rxc1 Rc8 32. Rxc8 Bxc8 33. Kc3 Ke8 34. Kb4 Kd7 35. Ka5 Bb7 36.
a4 bxa4 37. Kxa4 Kc8 38. Ka5 Kd7 39. Bd4 Kc7 40. b4 Bc8 41. Bb6+ Kd7 42. Ba7 Kc7
43. Be3 Bb7 44. Bb6+ Kd7 45. Bd4 Kc7 46. Be3 Bc8 47. Bd4 Bb7 48. Bb6+ Kd7 49. Be3
Kc7 50. Bb6+  1/2-1/2

[Event "1. OEsterreichische Internet Schach Meisterschaft - Vorrunde 2"]
[Site "Online - Playchess.com"]
[Date ""]
[Round "9"]
[Board "48"]
[White "Schwabeneder, Alois"]
[Black "Balint, Peter"]
[Result "0-1"]
[WhiteElo "2004"]
[BlackElo "2105"]
[PlyCount "86"]
[EventDate "2020.04.13"]
[EventRounds "9"]
[EventCountry "AUT"]

1. e4 e5 2. Nf3 Nc6 3. d4 exd4 4. Bc4 Nf6 5. O-O Nxe4 6. Re1 d5 7. Bxd5 Qxd5 8. Nc3
Qd8 9. Nxe4 Be7 10. Neg5 O-O 11. Qd3 g6 12. Ne4 Bf5 13. Qc4 Re8 14. Bh6 Bf8 15. Bg5
Be7 16. Nf6+ Bxf6 17. Rxe8+ Qxe8 18. Bxf6 Qe6 19. Qxe6 Bxe6 20. Bxd4 Nxd4 21. Nxd4
Bd5 22. b3 c5 23. Nb5 Bc6 24. Nd6 Rd8 25. Rd1 Kf8 26. Rd2 Ke7 27. Nc4 Rxd2 28. Nxd2
Kd6 29. f3 Ke5 30. Kf2 Kd4 31. Nc4 Kc3 32. Ne3 f5 33. f4 Be4 34. g4 Bxc2 35. gxf5
Bxf5 36. Nc4 b5 37. Nd6 b4 38. Ke3 a6 39. Nb7 c4 40. bxc4 Kxc4 41. Nd6+ Kc3 42. Nf7
Kb2 43. Ne5 Kxa2  0-1

[Event "1. OEsterreichische Internet Schach Meisterschaft - Vorrunde 2"]
[Site "Online - Playchess.com"]
[Date ""]
[Round "9"]
[Board "49"]
[White "Pedevilla, Luis"]
[Black "Charaus, Florian"]
[Result "0-1"]
[WhiteElo "1650"]
[BlackElo "2055"]
[PlyCount "88"]
[EventDate "2020.04.13"]
[EventRounds "9"]
[EventCountry "AUT"]

1. e4 c6 2. d4 d5 3. Nc3 dxe4 4. Nxe4 Bf5 5. f3 e6 6. c3 Nd7 7. Bd3 Qc7 8. Ne2 Ngf6
9. Bf4 Qb6 10. b3 Nd5 11. Bg3 Be7 12. Qd2 O-O 13. O-O c5 14. c4 Nb4 15. dxc5 Nxc5
16. Kh1 Ncxd3 17. a3 Rad8 18. Qc3 Nc6 19. b4 h5 20. c5 Qa6 21. Rfb1 b5 22. cxb6 Qxb6
23. b5 Na5 24. Bc7 Nf2+ 25. Nxf2 Qxf2 26. Bxd8 Bxd8 27. Re1 Bb6 28. Ng3 Bg6 29. Rf1
Qe3 30. Qxe3 Bxe3 31. a4 h4 32. Ne2 Bd3 33. Ra2 Rc8 34. Rd1 Bg6 35. Rb2 Nc4 36. Ra2
h3 37. g3 Bh5 38. g4 Bg6 39. Ng3 Bf4 40. Ne4 Ne3 41. Re1 Bxe4 42. fxe4 Nxg4 43. Rf1
e5 44. Rg1 Ne3  0-1

[Event "1. OEsterreichische Internet Schach Meisterschaft - Vorrunde 2"]
[Site "Online - Playchess.com"]
[Date ""]
[Round "9"]
[Board "50"]
[White "Meglitsch, Konstantin"]
[Black "Hoelzl, Bernhard"]
[Result "1-0"]
[WhiteElo "2041"]
[BlackElo "1392"]
[PlyCount "157"]
[EventDate "2020.04.13"]
[EventRounds "9"]
[EventCountry "AUT"]

1. e4 e6 2. d4 d5 3. Nd2 Nf6 4. e5 Nfd7 5. f4 c5 6. c3 Nc6 7. Ndf3 Qb6 8. g3 cxd4
9. cxd4 Be7 10. Kf2 f6 11. Kg2 fxe5 12. fxe5 O-O 13. h4 Rf7 14. Bd3 Nf8 15. Nh3 Bd7
16. Nhg5 Bxg5 17. Nxg5 Re7 18. Nf3 Rf7 19. Rf1 Ne7 20. b3 Nf5 21. Bb2 Bb5 22. Qe2
Bxd3 23. Qxd3 Ng6 24. h5 Nge7 25. Ng5 Rff8 26. Rf2 h6 27. Nh3 Nc6 28. Rd1 Nb4 29.
Qd2 Rac8 30. a3 Rc2 31. Qxb4 Qxb4 32. axb4 Ne3+ 33. Kg1 Rcxf2 34. Nxf2 Nxd1 35. Nxd1
Rf3 36. Kg2 Rxb3 37. Bc3 Rb1 38. Ne3 Rc1 39. Bd2 Ra1 40. Kf3 b6 41. Ng2 a5 42. bxa5
bxa5 43. Nf4 a4 44. Nxe6 a3 45. Nc5 Rd1 46. Bc3 a2 47. Ke2 a1=Q 48. Bxa1 Rxa1 49.
Kf3 Kf7 50. Kf4 Rh1 51. g4 Ke7 52. Nd3 Rf1+ 53. Ke3 Rf8 54. Nf4 Ra8 55. Nxd5+ Ke6
56. Ke4 Ra1 57. Nf4+ Ke7 58. Kf5 Ra4 59. d5 Kf7 60. d6 Rd4 61. e6+ Kf8 62. Ng6+ Ke8
63. d7+ Kd8 64. Ke5 Rd1 65. Nf4 Re1+ 66. Kf5 Ke7 67. Nd5+ Kd8 68. Nf4 Ke7 69. Kg6
Re4 70. Nd5+ Kd8 71. Kf7 Re5 72. e7+ Kxd7 73. Nb6+ Kc6 74. e8=Q+ Rxe8 75. Kxe8 Kxb6
76. Kf7 Kc7 77. Kxg7 Kd7 78. Kxh6 Ke7 79. Kg7  1-0

[Event "1. OEsterreichische Internet Schach Meisterschaft - Vorrunde 2"]
[Site "Online - Playchess.com"]
[Date ""]
[Round "9"]
[Board "51"]
[White "Stolzlechner, Thomas"]
[Black "Borrmann, Laurenz"]
[Result "0-1"]
[WhiteElo "2037"]
[BlackElo "1880"]
[PlyCount "40"]
[EventDate "2020.04.13"]
[EventRounds "9"]
[EventCountry "AUT"]

1. e4 c5 2. c3 d5 3. exd5 Qxd5 4. d4 Nc6 5. Nf3 Bg4 6. Be2 Nf6 7. h3 Bh5 8. O-O e6
9. Na3 cxd4 10. Nb5 Bd6 11. c4 Qc5 12. a3 Bxf3 13. Bxf3 Bb8 14. Be2 a6 15. b4 Qe5
16. f4 Qf5 17. Nxd4 Nxd4 18. Qxd4 O-O 19. Bb2 Ba7 20. c5 Rfd8  0-1

[Event "1. OEsterreichische Internet Schach Meisterschaft - Vorrunde 2"]
[Site "Online - Playchess.com"]
[Date ""]
[Round "9"]
[Board "52"]
[White "Prinz, Hubert"]
[Black "Kreutzmann, Duke"]
[Result "0-1"]
[WhiteElo "1956"]
[BlackElo "2036"]
[PlyCount "186"]
[EventDate "2020.04.13"]
[EventRounds "9"]
[EventCountry "AUT"]

1. d4 e6 2. Nf3 Nf6 3. e3 c5 4. Bd3 d5 5. c3 Nc6 6. O-O Bd6 7. dxc5 Bxc5 8. b4 Bd6
9. Nbd2 O-O 10. Bb2 Ne5 11. Nxe5 Bxe5 12. Nf3 Bd6 13. Re1 e5 14. Bb1 Bg4 15. h3 Bh5
16. g4 Bg6 17. Bxg6 hxg6 18. Rc1 Qe7 19. a3 e4 20. Nh2 Qe5 21. Nf1 Nh7 22. f4 exf3
23. Qxf3 Ng5 24. Qg2 Rfe8 25. c4 Nxh3+ 26. Qxh3 Qxb2 27. Qg2 Qxa3 28. Qxd5 Qxb4 29.
Rb1 Qc5 30. Qxc5 Bxc5 31. Rxb7 Re4 32. Kf2 Rxc4 33. Kf3 Re8 34. Rd1 Rc3 35. Rdd7
Bxe3 36. Rxf7 Bd4+ 37. Kf4 Rc1 38. Kg3 g5 39. Rf5 Rc3+ 40. Rf3 Rxf3+ 41. Kxf3 Rf8+
42. Ke4 Rf4+ 43. Kd3 Rxg4 44. Nd2 Bb6 45. Ne4 Rg2 46. Nd2 Kh7 47. Ne4 Kg6 48. Rb8
Rg4 49. Nd2 Rf4 50. Rc8 g4 51. Ne4 Rf3+ 52. Kc4 Re3 53. Kd5 Rd3+ 54. Ke5 Re3 55.
Kf4 Ra3 56. Kxg4 Ra4 57. Kf3 Ra3+ 58. Kf4 Be3+ 59. Kg4 Bb6 60. Rc6+ Kf7 61. Kf5 Ra5+
62. Kg4 Re5 63. Ng5+ Ke7 64. Rc4 Kf8 65. Rf4+ Kg8 66. Rc4 Kf8 67. Rc8+ Ke7 68. Rc4
g6 69. Rc6 Re1 70. Rxg6 Rg1+ 71. Kh5 Rh1+ 72. Kg4 Rg1+ 73. Kf5 Rf1+ 74. Kg4 Bd4 75.
Re6+ Kd7 76. Re4 Bb6 77. Nf3 Kc6 78. Kf4 a5 79. Re6+ Kb5 80. Ke4 a4 81. Nd4+ Ka6
82. Kd5 Rd1 83. Rg6 Rxd4+ 84. Kc6 Rc4+ 85. Kd5 Rd4+ 86. Kc6 a3 87. Rg3 Ra4 88. Rg1
a2 89. Rg8 Rc4+ 90. Kd5 Rc5+ 91. Kd6 Rc7 92. Rg1 Bxg1 93. Kxc7 a1=Q  0-1

[Event "1. OEsterreichische Internet Schach Meisterschaft - Vorrunde 2"]
[Site "Online - Playchess.com"]
[Date ""]
[Round "9"]
[Board "53"]
[White "Kondrak, Christoph"]
[Black "Guba, Viktor"]
[Result "1-0"]
[WhiteElo "2033"]
[BlackElo "1401"]
[PlyCount "135"]
[EventDate "2020.04.13"]
[EventRounds "9"]
[EventCountry "AUT"]

1. d4 Nf6 2. Nf3 g6 3. Bf4 Bg7 4. c4 O-O 5. Nc3 d6 6. e3 Nc6 7. h3 Nd7 8. Be2 e5
9. Bg3 Qe8 10. O-O f5 11. Nb5 Qd8 12. dxe5 dxe5 13. Qd5+ Kh8 14. Rad1 a6 15. Nc3
e4 16. Nd4 Nxd4 17. exd4 c6 18. Qd6 Nf6 19. d5 Qxd6 20. Bxd6 Rd8 21. Be7 Rd7 22.
Bxf6 Bxf6 23. dxc6 bxc6 24. Na4 Rb8 25. b3 Re7 26. Rd6 Re6 27. Rfd1 Be7 28. Rd8+
Bxd8 29. Rxd8+ Kg7 30. c5 Re7 31. Nb6 Rc7 32. Bxa6 Bxa6 33. Rxb8 Re7 34. Rd8 Bd3
35. a4 Bc2 36. b4 Bd3 37. Rd6 Rc7 38. f3 Kf7 39. Kf2 Re7 40. Nc8 e3+ 41. Ke1 Rc7
42. Rxd3 Rxc8 43. Rxe3 Ra8 44. a5 Rb8 45. Rb3 Ra8 46. Kd2 Ke6 47. Rd3 Ke7 48. Rd6
Ra6 49. Kc3 Kf7 50. Kd4 Kg7 51. Ke5 h5 52. Rd7+ Kh6 53. Rb7 g5 54. Rb6 Ra8 55. Rxc6+
Kh7 56. Re6 g4 57. c6 gxf3 58. gxf3 Rg8 59. c7 h4 60. b5 f4 61. b6 Rg3 62. c8=Q Rxf3
63. Re7+ Kh6 64. Qe6+ Kh5 65. Qg4+ Kh6 66. Re6+ Kh7 67. Qg6+ Kh8 68. Re8#  1-0

[Event "1. OEsterreichische Internet Schach Meisterschaft - Vorrunde 2"]
[Site "Online - Playchess.com"]
[Date ""]
[Round "9"]
[Board "54"]
[White "Haselsberger, Armin"]
[Black "Waldner, Alois"]
[Result "1/2-1/2"]
[WhiteElo "1395"]
[BlackElo "2018"]
[PlyCount "124"]
[EventDate "2020.04.13"]
[EventRounds "9"]
[EventCountry "AUT"]

1. d4 Nf6 2. Bf4 e6 3. e3 d5 4. c4 c6 5. Nc3 Bd6 6. Bg3 O-O 7. Nf3 a6 8. Rc1 dxc4
9. Bxc4 b5 10. Bd3 Bb7 11. Bb1 c5 12. Bh4 Nbd7 13. dxc5 Bxc5 14. a3 Qb6 15. b4 Be7
16. Bxf6 Nxf6 17. O-O Rfd8 18. Qb3 Bxf3 19. gxf3 Rac8 20. Rfd1 Rxd1+ 21. Rxd1 Qc6
22. Ne4 Qc7 23. Nxf6+ Bxf6 24. Qd3 g6 25. Qe2 Qc3 26. Rd3 Qc1+ 27. Qd1 Qxd1+ 28.
Rxd1 Rc3 29. Kg2 Rxa3 30. Be4 Ra4 31. Rd6 Rxb4 32. Rxa6 Rb2 33. Rb6 b4 34. Kg3 Bc3
35. Kf4 Kg7 36. Bd3 Rxf2 37. Bc4 Rxh2 38. Rb7 Kf6 39. e4 Be5+ 40. Ke3 Bc3 41. Kf4
Bd2+ 42. Kg3 Rh1 43. f4 g5 44. e5+ Kg6 45. Bd3+ Kg7 46. Bc4 Bxf4+ 47. Kg2 Rb1 48.
Bxe6 h5 49. Rxf7+ Kg6 50. Rb7 Bxe5 51. Bf7+ Kf6 52. Bg8 h4 53. Rb6+ Kg7 54. Be6 Bf4
55. Ba2 Rb2+ 56. Kf3 Rxa2 57. Rxb4 Ra3+ 58. Kg4 Rg3+ 59. Kh5 h3 60. Rb1 h2 61. Rh1
Rg1 62. Rxh2 Bxh2  1/2-1/2